000
00344nam a2200145Ia 4500
008
221030s9999 xx 000 0 und d
041
_a
English
082
_a
105.23
_b
Bal
100
_a
N. P. Bali
245
0
_a
Golden Dynamics (Maths Series)
260
_b
Laxmi Pub.
_a
New Delhi
_c
1986
300
_a
582
650
_a
BE Mathematics
942
_c
BK
999
_c
953
_d
953